000 01039nam a2200265 i 4500
001 82244
003 ES-MaACL
005 20250830062949.0
007 t|
008 041209s1975 sp ||||1| spa d
020 _a84-254-0915-2
080 _a1(091)
100 1 _aHirschberger, Johannes.
_963811
245 1 0 _aHistoria de la Filosofía /
_cJohnnes Hirschberber ; presentación, traducción y síntesis de historia de la filosofía española por Luis Martínes Gómez.
250 _a7ª ed. ampliada.
260 _aBarcelona :
_bHerder.
300 _a2 v. ;
_c22 cm.
490 1 _aBiblioteca Herder ;
_v13-14.
_aSección de teología y filosofía
505 8 _aContiene: Tomo I. Antigüedad, Edad Media, Renacimiento .-- Tomo II. Edad Moderna, Edad Contemporánea
650 4 _aFilosofía-
_vHistoria.
_9158248
700 1 _aMartinez Gomez, Luis.
_978126
830 0 0 _aBiblioteca Herder.
_pSección de teología y filosofía
_v13-14.
_9182106
852 _aES-MaACL
_jE-10522-3
_bR.134662
999 _c82244
_d82244